Catàleg col·lectiu de les publicacions periòdiques de les biblioteques biomèdiques 1983
Descripción Física:
XXIX, 306 p. ; 24 cm
Otros Autores:
Coordinadora de Documentació Biomèdica
MARC
| LEADER | 00000nam a2200000Ia 4500 | ||
|---|---|---|---|
| 001 | 1540 | ||
| 008 | 160829s1984 xx 000 0 cat d | ||
| 080 | |a C-1-208 | ||
| 245 | |a Catàleg col·lectiu de les publicacions periòdiques de les biblioteques biomèdiques 1983 | ||
| 260 | |a Barcelona : |b CIRIT, |c 1984 | ||
| 300 | |a XXIX, 306 p. ; |c 24 cm | ||
| 590 | |a A la part superior de la portada: Coordinadora de Documentació Biomèdica (C.D.B.) | ||
| 650 | |a Medicina |x Revistes |x Bibliografia |x Catàlegs col·lectius |9 32791 | ||
| 650 | |a Biologia |x Revistes |x Bibliografia |x Catàlegs col·lectius |9 32792 | ||
| 700 | |a Coordinadora de Documentació Biomèdica |9 32793 | ||
| 710 | 1 | |a Catalunya. |b Comissió Interdepartamental de Recerca i Innovació Tecnològica |9 54974 | |
| 901 | |a Arxiu | ||
| 942 | |n 1 | ||
| 952 | |0 0 |1 0 |4 0 |6 C1208 |7 1 |9 46099 |a Arxiu |b Arxiu |d 2016-12-01 |l 0 |o C-1-208 |p 1540 |r 2016-12-01 00:00:00 |w 2016-12-01 |y ARXIU | ||
| 999 | |c 49601 |d 49601 | ||